[Event "Mechanics' Winter TNM; G/2 d5"]
[Site "San Francisco"]
[Date "2018.02.27"]
[Round "8.43"]
[White "Subedar, Vishal"]
[Black "Lucas, Jemorio"]
[Result "1/2-1/2"]
[WhiteElo "1367"]
[BlackElo "1123"]
[PlyCount "85"]
[EventDate "2018.??.??"]
[Source "ChessBase"]
[SourceDate "2007.09.04"]

1. e4 e5 2. f4 exf4 3. Nf3 Be7 4. d4 Bh4+ 5. Ke2 Qe7 6. Nc3 d5 7. e5 c6 8. Bxf4
Bg4 9. g3 Bxf3+ 10. Kxf3 Bg5 11. Qd2 Bxf4 12. Qxf4 Nd7 13. Re1 Qb4 14. Rb1 Ne7
15. a3 Qb6 16. Bh3 Rd8 17. e6 fxe6 18. Kg2 Ng6 19. Qe3 O-O 20. Bxe6+ Kh8 21.
Bxd7 Rxd7 22. Rhf1 Rdf7 23. Rxf7 Rxf7 24. h4 Qd8 25. h5 Re7 26. Qd2 Nf8 27. g4
h6 28. Kh1 Re6 29. Qf2 Nd7 30. Rg1 Rf6 31. Qd2 Re6 32. Qh2 Qe7 33. Qg3 Re3 34.
Qf2 c5 35. Nxd5 Rh3+ 36. Kg2 Qh4 37. Qf5 Rg3+ 38. Kf1 Qh3+ 39. Ke2 Rxg1 40. Qf7
Rg2+ 41. Ke1 Qg3+ 42. Kf1 Qh2 43. Qe8+ 1/2-1/2

[Event "Mechanics' Winter TNM; G/2 d5"]
[Site "San Francisco"]
[Date "2018.01.23"]
[Round "3.54"]
[White "Subedar, Vishal"]
[Black "McSweeney, Michael"]
[Result "1-0"]
[WhiteElo "1367"]
[BlackElo "813"]
[PlyCount "25"]
[EventDate "2018.??.??"]
[Source "ChessBase"]
[SourceDate "2007.09.04"]

1. e4 e5 2. f4 Nc6 3. Nf3 exf4 4. Bc4 Bc5 5. d4 Bb6 6. e5 Nge7 7. Ng5 O-O 8.
O-O Bxd4+ 9. Kh1 Nf5 10. Qh5 h6 11. Nxf7 Qe7 12. Nxh6+ Kh8 13. Nxf5# 1-0

[Event "Mechanics' Winter TNM; G/2 d5"]
[Site "San Francisco"]
[Date "2018.01.09"]
[Round "1.24"]
[White "Subedar, Vishal"]
[Black "Yanofsky, Kevin"]
[Result "0-1"]
[WhiteElo "1367"]
[BlackElo "1855"]
[Annotator "Donaldson"]
[PlyCount "56"]
[EventDate "2018.??.??"]
[Source "ChessBase"]
[SourceDate "2007.09.04"]

1. e4 c5 2. f4 g6 3. Nf3 Bg7 4. d4 cxd4 5. Nxd4 Nc6 6. Be3 Qb6 7. Nf5 Qxb2 8.
Nxg7+ Qxg7 9. e5 Nh6 10. Bd3 Nxe5 11. O-O $2 (11. fxe5 Qxe5 12. Kd2 Qxa1 13.
Bxh6 Qf6 14. Kc1) 11... Nxd3 12. f5 Nxf5 13. Bd2 Qd4+ 14. Kh1 Nf2+ 15. Rxf2
Qxf2 16. Qg1 Qxg1+ 17. Kxg1 d6 18. g4 Nd4 19. c3 Nc2 20. Be3 Nxe3 21. Nd2 Bxg4
22. Rb1 b6 23. c4 Rc8 24. Rb4 O-O 25. Kf2 Nc2 26. Ra4 Rc7 27. c5 Bd7 28. Rc4
Rxc5 0-1

[Event "Mechanics' Bedjanian TNM; G/2 d/5"]
[Site "San Francisco"]
[Date "2018.12.04"]
[Round "7.41"]
[White "Sullivan, George"]
[Black "Bryan, Robert R"]
[Result "1-0"]
[WhiteElo "988"]
[BlackElo "336"]
[PlyCount "45"]
[EventDate "2018.??.??"]
[Source "ChessBase"]
[SourceDate "2007.09.04"]

1. e4 c5 2. Nf3 d6 3. Bb5+ Nc6 4. c3 a6 5. Bc4 Nf6 6. d3 e5 7. h3 Be7 8. d4
exd4 9. cxd4 cxd4 10. O-O Nxe4 11. Nxd4 Bf6 12. Be3 Bxd4 13. Bxd4 Nxd4 14. Qxd4
O-O 15. Qxe4 Re8 16. Qf4 d5 17. Bb3 b5 18. Rd1 a5 19. Nc3 a4 20. Bxd5 Re7 21.
Bxa8 Bb7 22. Rxd8+ Re8 23. Rxe8# 1-0

[Event "Mechanics' Bedjanian TNM; G/2 d/5"]
[Site "San Francisco"]
[Date "2018.12.18"]
[Round "9.42"]
[White "Sullivan, George"]
[Black "Cendejas, Jon Rodo"]
[Result "1-0"]
[WhiteElo "988"]
[BlackElo "979"]
[PlyCount "79"]
[EventDate "2018.??.??"]
[Source "ChessBase"]
[SourceDate "2007.09.04"]

1. e4 e5 2. Nf3 Nc6 3. d3 h6 4. a3 Nf6 5. Nc3 a6 6. Be2 Bc5 7. b4 Ba7 8. O-O d6
9. Bb2 Be6 10. Qd2 O-O 11. Rfe1 Re8 12. Bf1 Nd4 13. Nxd4 Bxd4 14. h3 d5 15.
Rab1 dxe4 16. Nxe4 Bxb2 17. Nxf6+ Qxf6 18. Rxb2 Rad8 19. Rbb1 b5 20. Qe3 Bd5
21. Qc5 c6 22. f3 Qg5 23. Qf2 Qe7 24. Rbc1 Rc8 25. c4 bxc4 26. dxc4 Be6 27.
Rxe5 Qf6 28. Qc5 Bd7 29. Rxe8+ Rxe8 30. Qf2 Qg5 31. Rd1 Bxh3 32. Kh2 Be6 33.
Qg3 Qh5+ 34. Kg1 c5 35. Qd6 cxb4 36. Qxb4 Bc8 37. c5 Qg6 38. Rd6 Re6 39. Rd8+
Kh7 40. Rxc8 1-0

[Event "Mechanics' Vartan Bedjanian TNM; G/2 d/"]
[Site "San Francisco"]
[Date "2018.11.07"]
[Round "3.44"]
[White "Sullivan, George"]
[Black "Enkhjargal, Gabriel"]
[Result "0-1"]
[WhiteElo "988"]
[BlackElo "1007"]
[PlyCount "72"]
[EventDate "2018.??.??"]
[Source "ChessBase"]
[SourceDate "2007.09.04"]

1. d4 d5 2. Nf3 Nf6 3. e3 Bg4 4. h3 Bh5 5. c4 c6 6. Nc3 e6 7. cxd5 cxd5 8. Be2
Bb4 9. Bd2 Nc6 10. Qc2 Bg6 11. Bd3 Bxd3 12. Qxd3 Ne7 13. Rc1 Rc8 14. Ne5 Bxc3
15. bxc3 Ne4 16. Qb5+ Nc6 17. Nxc6 bxc6 18. Qb3 O-O 19. O-O Qc7 20. Be1 c5 21.
Qd1 cxd4 22. cxd4 Qxc1 23. Bb4 Qxd1 24. Rxd1 Rfe8 25. Be1 Nc3 26. Rd2 e5 27.
Rd3 Nxa2 28. dxe5 Rxe5 29. Bd2 Rc2 30. Rd4 h6 31. Kf1 Rf5 32. Ke2 g5 33. f3 Rf6
34. Rxd5 Nc3+ 35. Kd3 Rxd2+ 36. Kxd2 Nxd5 0-1

[Event "Mechanics' Bedjanian TNM; G/2 d/5"]
[Site "San Francisco"]
[Date "2018.10.23"]
[Round "1.34"]
[White "Sullivan, George"]
[Black "Rakonitz, David"]
[Result "0-1"]
[WhiteElo "988"]
[BlackElo "1670"]
[PlyCount "56"]
[EventDate "2018.??.??"]
[Source "ChessBase"]
[SourceDate "2007.09.04"]

1. d4 Nf6 2. c4 e6 3. Nc3 Bb4 4. a3 Bxc3+ 5. bxc3 c5 6. e3 Nc6 7. Nf3 d6 8. Qc2
h6 9. h3 O-O 10. Be2 e5 11. dxe5 dxe5 12. Bd3 Re8 13. e4 Qc7 14. O-O Be6 15.
Be3 b6 16. Rfd1 Na5 17. Nd2 Rad8 18. Be2 Rd7 19. f3 Red8 20. Qa2 Ne8 21. Bf1
Nd6 22. a4 Ndxc4 23. Bxc4 Nxc4 24. Nxc4 Rxd1+ 25. Rxd1 Rxd1+ 26. Kf2 Rd8 27.
Qe2 f6 28. Nd2 Rd7 {Black went on to win. Remaining moves unavailable.} 0-1

[Event "Mechanics' Walter Shipman TNM G/2 d/5"]
[Site "San Francisco"]
[Date "2018.10.02"]
[Round "9.37"]
[White "Sullivan, George T"]
[Black "Bryan, Robert R"]
[Result "1-0"]
[WhiteElo "1016"]
[BlackElo "336"]
[Annotator "Winslow,Elliott"]
[PlyCount "57"]
[EventDate "2018.??.??"]
[Source "ChessBase"]
[SourceDate "2007.09.04"]

1. d4 c5 2. e4 (2. d5 $1) (2. dxc5 $5) 2... d6 (2... cxd4 3. c3 (3. Nf3 e5 $6 (
3... d6) (3... Nc6) (3... e6) (3... g6) (3... a6) (3... Nf6) 4. c3 $1 (4. Nxe5
$4 Qa5+) 4... dxc3 5. Nxc3 $44) 3... dxc3 (3... Nf6) 4. Nxc3) 3. Nf3 (3. d5) (
3. dxc5) 3... Nf6 (3... cxd4) 4. Bd3 (4. Nc3) 4... Nc6 (4... cxd4) 5. dxc5 (5.
d5) 5... dxc5 6. c3 Bg4 7. h3 Bh5 8. Qc2 e5 9. Be3 Bd6 10. Nbd2 O-O 11. O-O-O
Qe7 12. Rde1 Rad8 13. g4 Bg6 14. Rhg1 h5 $2 15. gxh5 (15. Nh4 $1) 15... Bxh5 (
15... Nxh5) 16. Bh6 Bxf3 $2 (16... Ne8) 17. Rxg7+ (17. Bxg7 $1) 17... Kh8 18.
Nxf3 Rg8 19. Rg5 Kh7 20. Rxg8 Kxg8 21. Rg1+ Kh7 22. Qd2 Ng8 23. Bg5 f6 24. Bh4
a5 25. Ng5+ $6 (25. Bc4) (25. Qe2) 25... fxg5 26. Bxg5 b5 $4 (26... Qg7 $16)
27. Bxe7 Ngxe7 28. Qg5 Kh8 29. Qh5# 1-0

[Event "Mechanics' Shipman TNM; G/2 d/5"]
[Site "San Francisco"]
[Date "2018.08.29"]
[Round "4"]
[White "Sullivan, George T"]
[Black "Kadri, Barbara"]
[Result "1-0"]
[WhiteElo "1016"]
[BlackElo "192"]
[Annotator "Winslow,Elliott"]
[PlyCount "57"]
[EventDate "2018.??.??"]
[Source "ChessBase"]
[SourceDate "2007.09.04"]

1. d4 Nc6 2. Nf3 d5 3. Bf4 g6 4. e3 f5 5. c4 Nf6 6. Nc3 e6 7. Bd3 b6 8. O-O Ba6
9. a3 (9. Qa4) 9... dxc4 10. Be2 h5 11. Nd2 Ng4 12. Nxc4 g5 13. Bf3 Bxc4 14.
Bxc6+ Kf7 15. Bxa8 gxf4 16. Re1 Qxa8 17. f3 Nxh2 (17... Nxe3 $19) 18. Kxh2 (18.
d5) 18... Qd8 $11 (18... fxe3 $17) 19. Kh3 Qg5 (19... fxe3 $19) 20. exf4 $11
Qf6 (20... Qxf4 21. Ne2 Qd6 22. Rc1 Bd5 23. Nc3 $11) 21. Kg3 $19 (21. d5 $14)
21... Rg8+ 22. Kf2 Qh4+ 23. g3 Qxg3+ 24. Ke3 Bd6 (24... e5 $3 $19) 25. Ne2 Bxe2
26. Qxe2 Bxf4+ 27. Kd3 Qg7 28. Qxe6+ Kf8 29. Qe8# 1-0

[Event "Mechanics' Shipman TNM; G/2 d/5"]
[Site "San Francisco"]
[Date "2018.08.14"]
[Round "2.35"]
[White "Sullivan, George T"]
[Black "Morgan, Jerry D"]
[Result "0-1"]
[WhiteElo "1016"]
[BlackElo "1520"]
[PlyCount "74"]
[EventDate "2018.??.??"]
[Source "ChessBase"]
[SourceDate "2007.09.04"]

1. d4 d5 2. Nf3 Nf6 3. Nc3 c5 4. b3 Nc6 5. e3 Bg4 6. Be2 e6 7. a3 Rc8 8. dxc5
Bxc5 9. O-O O-O 10. Bb2 a6 11. b4 Bd6 12. Qd2 Bxf3 13. Bxf3 Ne5 14. Qe2 Nc4 15.
Na4 Nxb2 16. Nxb2 b5 17. h4 Rc3 18. Nd1 Rc4 19. g3 Qc7 20. Kh2 Rxh4+ 21. Kg2
Rc4 22. c3 Be5 23. Rc1 Ne4 24. Bxe4 Rxe4 25. f4 Bd6 26. Nb2 Rc8 27. Qd2 f5 28.
Rc2 Qb7 29. Nd1 d4 30. Kf2 dxe3+ 31. Nxe3 Bb8 32. Rcc1 Ba7 33. Rfe1 Bb6 34. c4
Rexc4 35. Rxc4 Rxc4 36. Ke2 Re4 37. Kd3 Rd4+ 0-1

[Event "Mechanics' Shipman TNM; G/2 d/5"]
[Site "San Francisco"]
[Date "2018.09.18"]
[Round "7"]
[White "Sullivan, George T"]
[Black "Thibault, William"]
[Result "0-1"]
[WhiteElo "1016"]
[BlackElo "1202"]
[Annotator "Thibault,William/Winslow,E"]
[PlyCount "72"]
[EventDate "2018.??.??"]
[Source "ChessBase"]
[SourceDate "2007.09.04"]

1. d4 d5 2. Nf3 Nf6 3. Nc3 {
Black is out of his book now. Play proceeded slowly on both sides.} Bf5 (3...
e6 {followed by ...c5}) 4. e3 (4. Bf4 e6 5. e3) 4... a6 {Black decides to try
to play a sort of 2...e6 setup for QGD, with .. .e6, ...Nbd7, and ...c5. But
delays the pawn move until he gets the rest setup. This approach does not
agree with Stockfish, which wants ...c5 sooner. But Black gets paranoid about
a White piece on b5. You get crushed twice when learning chess, first by your
opponent (usually) and then by the computer analysis. Even if you win the
computer analysis cuts you down to size. (or we grow... EW)} (4... e6 5. Nb5 $2
(5. Ne5 $5) (5. a3 $5 {(heh)}) 5... a6) 5. Bd3 Bg6 {
Black decides to keep his "bad" bishop and pressure on e4.} (5... e6) 6. b3 {
Black now eyes the Knight in the hole this move created on c3.} (6. O-O) (6.
Bxg6 hxg6 {and the Rook is developed.}) 6... e6 7. O-O Nbd7 (7... c5 8. Na4 c4
9. bxc4 dxc4 10. Bxg6 hxg6 11. Nc3) 8. Re1 (8. h3) (8. Bb2) 8... Be7 (8... Ne4)
(8... c5) 9. e4 {The e4 push as anticipated, but not much planning done by
Black. Black wanted to keep the e-file closed with the e6 pawn, but also
wanted to get castled asap. The holed, hanging Knight at c3 looks like a good
target, but Black needed to deal with the situation in the center first.} O-O (
9... Bb4) 10. exd5 {So here is where the computer is screaming at Black to
take on d5, Black plans to do so with the Knight , but first wants to go after
the Knight and possible Bishop fork at c3.} (10. e5 $5 {EW} Bb4 (10... Nh5 $5
11. g4 Bb4 12. Qd2 Nf4)) 10... Bb4 $2 {Not a good idea, however.} (10... exd5
11. Bxg6 hxg6 12. Qd3 Re8 $11) 11. Bd2 $2 (11. dxe6 Bxd3 (11... Bxc3 12. e7 Qc8
13. exf8=Q+ Nxf8 14. Bxg6 Nxg6 15. Bd2 Bxa1 16. Qxa1 $16) 12. exf7+ Rxf7 13.
Qxd3 h6 14. a3 Bxc3 15. Qxc3 $16) 11... Bxd3 {Black, oblivious to the threat
of 12.dxe6, saw he could give White tripled pawns with the exchange, giving
the future Knight at d5 safety from pawnish attack.} (11... exd5 12. Ne5 Bxd3
13. Nxd3 $11) 12. cxd3 Bxc3 13. Bxc3 Nxd5 {
Black captures with tempo, and decides to try to open the c-file. Finally.} 14.
Bd2 c5 (14... Nb8 15. Re4 Qd6 16. Qe2 Nc6 17. Rc1 Nf6 $15) 15. dxc5 Nxc5 16.
Qe2 {Black feels good now about keeping the pawn at e6.} Rc8 17. d4 {
Black has trouble finding a place for the Knight at c5.} Nd7 18. Rac1 Nb8 (
18... Qe7) 19. Rxc8 Qxc8 20. Qd3 {Black was planning ...Nc6. But he starts to
worry about White's Ng5 and a Bishop sac at h7. Seemed kind of feasible, but
all of Black's pieces are over on the queenside. Black has had a recent lesson
in neglecting defence, and tries due diligence.} (20. Rc1) 20... h6 (20... f6)
(20... Nc6 21. Ne5 Qc7 22. Nxc6 Qxc6 23. Rc1 Qd6) 21. Ne5 {
Black is surprised about this, and should have expected it.} Nc6 22. a3 (22.
Qe4 Nde7 23. Qg4 Nf5) 22... Nxe5 23. dxe5 {
Black is happy with trading off the Knight and closing the e-file for good.}
Rd8 (23... Qc5 24. b4 Qb5 25. Qxb5 axb5 26. f4 $15) 24. Qc4 {Black has no
particular plan and so simplifying and isolating White's queenside pawns
seemed good.} Qxc4 25. bxc4 Ne7 26. Bb4 Nf5 27. g3 (27. Kf1) 27... Rd4 {
Black wants to bring his King in but White's Bishop is preventing him.} 28. c5
$6 (28. Rc1) 28... Rc4 29. Kg2 (29. Rb1) 29... a5 $6 (29... Rc2) 30. Bxa5 Rxc5
31. Bb6 (31. Bb4) 31... Rc2 $6 (31... Rb5) 32. a4 $11 {
Around here Black offers a draw, but it's refused.} Ra2 (32... Rb2) 33. Bc5 $6
$17 (33. a5 $11) 33... Rxa4 34. g4 $2 {
White hopes to trap the Knight, but forgets about the Rook.} (34. Rb1 Ra5 35.
Bd6 Rd5 36. Rb6 g5) (34. h3 $6 Rc4 35. Bb6 Rb4 36. Ba7 Rb2 37. g4 Ne3+) (34.
Rc1 Re4 35. Bd6 Rd4) 34... Rxg4+ 35. Kf1 b5 $6 (35... Rc4) 36. Rb1 Re4 0-1

[Event "Mechanics' Bedjanian TNM; G/2 d/5"]
[Site "San Francisco"]
[Date "2018.11.27"]
[Round "6.37"]
[White "Tabatabai, Ashkon"]
[Black "Baer, Michael A"]
[Result "0-1"]
[WhiteElo "1115"]
[BlackElo "1457"]
[Annotator "Winslow,Elliott"]
[PlyCount "70"]
[EventDate "2018.??.??"]
[Source "ChessBase"]
[SourceDate "2007.09.04"]

1. e4 e5 2. Nf3 Nc6 3. Nc3 Nf6 4. Bc4 Nxe4 5. d3 Nxc3 6. bxc3 Be7 7. O-O d6 8.
Bb2 O-O 9. d4 exd4 10. cxd4 Bf6 11. Rb1 d5 12. Bb3 Na5 13. Qd3 Nxb3 14. Qxb3 c6
15. c4 b6 16. c5 b5 17. Ne5 Qc7 18. Qg3 Bf5 19. Rbe1 g6 20. Bc1 Bg7 21. Bg5
Rfe8 (21... f6 $6 22. Nxg6 $1 Qxg3 23. Ne7+ Kf7 24. fxg3 Bd7 $17) (21... Qb7 $5
22. Nf3 $17) 22. Qf4 $4 Re6 $2 (22... f6 $19) 23. Bh6 Rae8 24. g4 Bxh6 25. Qxh6
Bc2 26. Re2 Bd3 27. Nxd3 Rxe2 28. f4 f6 29. f5 Qg7 30. Qf4 R2e4 31. Qf3 Re3 32.
Qd1 g5 33. Nb4 Qc7 34. a4 Re2 35. Rf2 Re1+ 0-1

[Event "Mechanics' Winter TNM; G/2 d5"]
[Site "San Francisco"]
[Date "2018.02.13"]
[Round "6.53"]
[White "Tabatabai, Ashkon"]
[Black "Bayaraa, Timothy"]
[Result "1-0"]
[WhiteElo "1190"]
[BlackElo "1173"]
[PlyCount "51"]
[EventDate "2018.??.??"]
[Source "ChessBase"]
[SourceDate "2007.09.04"]

1. e4 e5 2. Nf3 Bc5 3. Bc4 (3. Nxe5) 3... d6 4. d3 Bg4 5. h3 Bxf3 6. Qxf3 Nh6
7. Bxh6 Qf6 8. Be3 Qxf3 9. gxf3 Nc6 10. Bxc5 dxc5 11. Nc3 Nd4 12. O-O-O Nxf3
13. Nd5 O-O-O 14. Ne7+ Kb8 15. Bxf7 Rd7 16. Bh5 Rxe7 17. Bxf3 Rf8 18. Bg4 Rxf2
19. h4 Rf4 20. Rdg1 c4 21. Bf5 g6 22. Bg4 h5 23. Bxh5 cxd3 24. Rxg6 Re8 25.
Rhg1 Rff8 26. cxd3 1-0

[Event "Mechanics' Spring TNM; G/2 d5"]
[Site "San Francisco"]
[Date "2018.04.03"]
[Round "3.44"]
[White "Tabatabai, Ashkon"]
[Black "Casares Jr, Nick"]
[Result "0-1"]
[WhiteElo "1190"]
[BlackElo "1600"]
[PlyCount "50"]
[EventDate "2018.??.??"]
[Source "ChessBase"]
[SourceDate "2007.09.04"]

1. e4 e5 2. Nf3 Nc6 3. Nc3 Nf6 4. d4 exd4 5. Nxd4 Bb4 6. Bg5 O-O 7. Nf3 Re8 8.
Qe2 Rxe4 9. Qxe4 Nxe4 10. Bxd8 Nxc3 11. bxc3 Bxc3+ 12. Nd2 Bxa1 13. Bh4 Bc3 14.
Bg5 d5 15. Bd3 f6 16. Bf4 Nb4 17. O-O g5 18. Nb1 Nxd3 19. Bxc7 Bf5 20. cxd3 Bd4
21. h3 Rc8 22. Bd6 Rc2 23. a4 Ra2 24. g4 Bg6 25. Re1 Bxf2+ 0-1

[Event "Mechanics' Winter TNM; G/2 d5"]
[Site "San Francisco"]
[Date "2018.01.09"]
[Round "1.32"]
[White "Tabatabai, Ashkon"]
[Black "Cendejas, Juan"]
[Result "0-1"]
[WhiteElo "1190"]
[BlackElo "1716"]
[PlyCount "44"]
[EventDate "2018.??.??"]
[Source "ChessBase"]
[SourceDate "2007.09.04"]

1. e4 e5 2. Nf3 Nc6 3. Nc3 Bc5 4. Bc4 Nf6 5. Nxe5 Bxf2+ 6. Kxf2 Nxe5 7. d3 d6
8. Bg5 $2 Nfg4+ 9. Kf1 Qxg5 10. Nd5 O-O 11. Qe2 c6 12. d4 cxd5 13. dxe5 dxc4
14. Qe1 f5 15. Qg3 fxe4+ 16. Ke2 Rf2+ 17. Qxf2 Nxf2 18. Kxf2 e3+ 19. Ke2 Bg4+
20. Ke1 Qxe5 21. h3 Qg3+ 22. Kf1 Qf2# 0-1

[Event "Mechanics' Spring TNM; G/2 d5"]
[Site "San Francisco"]
[Date "2018.05.01"]
[Round "7.47"]
[White "Tabatabai, Ashkon"]
[Black "Kondakova, Elena"]
[Result "0-1"]
[WhiteElo "1190"]
[BlackElo "1464"]
[PlyCount "28"]
[EventDate "2018.??.??"]
[Source "ChessBase"]
[SourceDate "2007.09.04"]

1. e4 c5 2. Nc3 Nc6 3. Nf3 g6 4. d4 cxd4 5. Nxd4 Bg7 6. Be3 Nf6 7. e5 Nxe5 8.
Bd3 Nfg4 9. O-O O-O 10. Re1 Nxe3 11. Rxe3 d6 12. f4 Ng4 13. Rg3 Bxd4+ 14. Kh1
Nf2+ 0-1

[Event "Mechanics' Spring TNM; G/2 d5"]
[Site "San Francisco"]
[Date "2018.04.17"]
[Round "5.24"]
[White "Tabatabai, Ashkon"]
[Black "Lucas Sr, Jermorio"]
[Result "1-0"]
[WhiteElo "1190"]
[BlackElo "1123"]
[PlyCount "79"]
[EventDate "2018.??.??"]
[Source "ChessBase"]
[SourceDate "2007.09.04"]

1. e4 c6 2. Nc3 e6 3. d4 Bb4 4. Nge2 Qh4 5. a3 Ba5 6. b4 Bd8 7. g3 Qe7 8. Bg2
d6 9. O-O Qc7 10. Bf4 e5 11. dxe5 dxe5 12. Be3 Ne7 13. b5 O-O 14. f4 Be6 15. f5
Bc4 16. f6 Ng6 17. fxg7 Kxg7 18. bxc6 Nxc6 19. Nd5 Bxd5 20. exd5 Na5 21. d6 Qc4
22. Qd2 Bb6 23. Bxb6 axb6 24. d7 Rad8 25. Rab1 Qc7 26. Bh3 Nc4 27. Qg5 f6 28.
Qh5 Nd2 29. g4 Nxb1 30. Rxb1 Qxc2 31. Re1 Qc5+ 32. Kh1 Qf2 33. Rf1 Qxe2 34. Qf5
Nf4 35. g5 Nxh3 36. Qxh3 Qe4+ 37. Kg1 Qd4+ 38. Kh1 Rxd7 39. Qh6+ Kh8 40. Qxf8#
1-0

[Event "Mechanics' Winter TNM; G/2 d5"]
[Site "San Francisco"]
[Date "2018.01.30"]
[Round "4.50"]
[White "Tabatabai, Ashkon"]
[Black "MacIntyre, Brendan"]
[Result "0-1"]
[WhiteElo "1190"]
[BlackElo "1619"]
[Annotator "Donaldson"]
[PlyCount "48"]
[EventDate "2018.??.??"]
[Source "ChessBase"]
[SourceDate "2007.09.04"]

1. e4 c5 2. Nc3 Nc6 3. Nf3 Nf6 4. d4 cxd4 5. Nxd4 d6 6. Bb5 Bd7 7. O-O g6 8.
Bf4 $2 Bg7 (8... Nxd4 9. Qxd4 e5) 9. Qf3 $2 Nxd4 10. Qd3 Nxb5 11. Nxb5 O-O 12.
Nc3 Bc6 13. Qh3 Nxe4 14. Bh6 Nxc3 15. bxc3 Qc8 16. Qh4 e6 17. Rfe1 Bd5 18. Re3
Qc4 19. f4 Qc5 20. Rae1 Rfe8 21. Kf1 Bxc3 22. R1e2 Bc4 23. Qg4 Qxe3 24. f5
Qxe2+ 0-1

[Event "Mechanics' Bedjanian TNM; G/2 d/5"]
[Site "San Francisco"]
[Date "2018.10.30"]
[Round "2.44"]
[White "Tabatabai, Ashkon"]
[Black "Robertson, Terrance"]
[Result "0-1"]
[WhiteElo "1115"]
[BlackElo "1471"]
[PlyCount "70"]
[EventDate "2018.??.??"]
[Source "ChessBase"]
[SourceDate "2007.09.04"]

1. e4 e5 2. Nf3 Nf6 3. Nc3 Nc6 4. Bb5 Bb4 5. O-O O-O 6. d3 d6 7. Bg5 Bxc3 8.
bxc3 Qe7 9. Qd2 Nd8 10. h4 Ne6 11. d4 Nxg5 12. hxg5 Nxe4 13. Qe3 f5 14. Rfe1
exd4 15. cxd4 d5 16. Nd2 Qxg5 17. f3 Qxe3+ 18. Rxe3 Nxd2 19. Rd1 Nxf3+ 20. gxf3
f4 21. Re5 c6 22. Ba4 Bf5 23. Bb3 Rae8 24. Rde1 Rxe5 25. Rxe5 g6 26. c4 dxc4
27. Bxc4+ Kh8 28. Re7 Rd8 29. Rxb7 Rxd4 30. Ba6 Ra4 31. Rxa7 Rxa2 32. Ra8+ Kg7
33. Bb7 Rxa8 34. Bxa8 c5 35. Bd5 h5 0-1

[Event "Mechanics' Bedjanian TNM; G/2 d/5"]
[Site "San Francisco"]
[Date "2018.11.20"]
[Round "5.40"]
[White "Tabatabai, Ashkon"]
[Black "Starr, Albert"]
[Result "1-0"]
[WhiteElo "1115"]
[BlackElo "1500"]
[Annotator "Winslow,Elliott"]
[PlyCount "105"]
[EventDate "2018.??.??"]
[Source "ChessBase"]
[SourceDate "2007.09.04"]

1. e4 e6 2. d4 d5 3. e5 Bb4+ 4. Bd2 Nc6 5. Nf3 Bxd2+ 6. Nbxd2 Nge7 7. Bd3 g6 8.
O-O O-O 9. c4 dxc4 10. Bxc4 Nxd4 11. Ne4 Nxf3+ 12. Qxf3 Nf5 13. Rad1 Qe7 14.
Rd3 Bd7 15. Rfd1 Bc6 16. Qe2 Rfd8 17. R1d2 Rxd3 18. Rxd3 Rd8 19. Qf3 Rxd3 20.
Bxd3 Bxe4 21. Bxe4 c6 22. Bxf5 exf5 23. Qe3 c5 24. a4 Qd7 25. h3 b6 26. Qf3 Qe8
27. Qb7 Qxe5 28. b3 Qe1+ 29. Kh2 Qxf2 30. Qxa7 Qf4+ 31. Kg1 Qb4 32. Qb8+ Kg7
33. Qe5+ Kh6 34. Qd5 Qd4+ 35. Qxd4 cxd4 36. b4 Kg5 37. a5 d3 38. Kf1 bxa5 39.
bxa5 Kf4 40. a6 d2 41. Ke2 Kg3 42. a7 d1=Q+ 43. Kxd1 Kxg2 44. a8=Q+ Kxh3 45.
Qf3+ Kh4 46. Qh1+ (46. Qf4+ Kh5 47. Ke2 f6 48. Kf2) 46... Kg5 47. Qxh7 f6 48.
Ke2 f4 49. Qh2 Kf5 50. Kf3 g5 51. Qh3+ Ke5 52. Qh7 Ke6 53. Kg4 1-0

[Event "Mechanics' Bedjanian TNM; G/2 d/5"]
[Site "San Francisco"]
[Date "2018.12.18"]
[Round "9.37"]
[White "Talamantez, Abel"]
[Black "Boldi, Nicholas"]
[Result "1-0"]
[WhiteElo "1807"]
[BlackElo "1482"]
[PlyCount "63"]
[EventDate "2018.??.??"]
[Source "ChessBase"]
[SourceDate "2007.09.04"]

1. d4 e6 2. Nf3 d5 3. Bf4 c5 4. c3 Nc6 5. e3 Bd7 6. Bd3 Rc8 7. Nbd2 Qb6 8. Qb3
Nf6 9. Qxb6 axb6 10. O-O Na7 11. Rfe1 Bb5 12. Bxb5+ Nxb5 13. a4 Nd6 14. Bxd6
Bxd6 15. a5 b5 16. dxc5 Bxc5 17. a6 b6 18. Nb3 Ne4 19. Nfd4 Nd6 20. a7 O-O 21.
Ra6 Ra8 22. Rea1 e5 23. Nc6 Nc4 24. Nxc5 bxc5 25. Ne7+ Kh8 26. Nxd5 Rfc8 27. b3
Nd2 28. Nb6 Rd8 29. Nxa8 Rxa8 30. Rb6 Nxb3 31. Rb8+ Rxb8 32. axb8=Q# 1-0

[Event "Mechanics' Spring TNM; G/2 d5"]
[Site "San Francisco"]
[Date "2018.04.10"]
[Round "4.46"]
[White "Temple, Jason Todd"]
[Black "Brown, Nicholas M"]
[Result "0-1"]
[WhiteElo "1167"]
[BlackElo "1490"]
[PlyCount "60"]
[EventDate "2018.??.??"]
[Source "ChessBase"]
[SourceDate "2007.09.04"]

1. c4 c6 2. g3 Nf6 3. Bg2 d5 4. Nf3 Bf5 5. O-O e6 6. cxd5 exd5 7. Re1 Bd6 8.
Nc3 O-O 9. e4 Nxe4 10. Nxe4 Bxe4 11. d3 Bg6 12. Bg5 Qc7 13. Rc1 Nd7 14. Nh4 Qb6
15. Nxg6 hxg6 16. Re2 Rfe8 17. Be3 d4 18. Bxd4 Qxd4 19. Rc4 Qf6 20. Be4 Ne5 21.
Rcc2 Re7 22. d4 Nf3+ 23. Kg2 Nxd4 24. Rcd2 Nxe2 25. Rxd6 Re6 26. Rxe6 Qxe6 27.
Qxe2 Re8 28. f3 f5 29. Bd5 cxd5 30. Qb5 Qe2+ 0-1

[Event "Mechanics' Summer TNM; G/2 d/5"]
[Site "San Francisco"]
[Date "2018.06.26"]
[Round "5.44"]
[White "Temple, Jason Todd"]
[Black "Carron, Joel"]
[Result "0-1"]
[WhiteElo "1404"]
[BlackElo "1382"]
[PlyCount "42"]
[EventDate "2018.??.??"]
[Source "ChessBase"]
[SourceDate "2007.09.04"]

1. g3 Nc6 2. Bg2 e5 3. d3 Nf6 4. Nh3 d5 5. O-O Bc5 6. Kh1 O-O 7. f4 e4 8. dxe4
Nxe4 9. Bxe4 Bxh3 10. Bg2 Bxg2+ 11. Kxg2 Re8 12. c3 Qe7 13. Qxd5 Qxe2+ 14. Kh3
Qxf1+ 15. Kg4 Qxc1 16. Qxc5 Qxb2 17. Nd2 Qxa1 18. Nf3 Qd1 19. h4 Re3 20. Qxe3
Rd8 21. Kf5 Qd3+ 0-1